000 00466nam a2200169Ia 4500
003 GCL
008 140319s9999 xx 000 0 ara d
040 _aGCL /
_cGCL
082 0 4 _a620.004
_bك ت
100 1 _aج، كارفيل
245 1 0 _aتبسيط المفاهيم الهندسية /
_cج، كارفيل
700 1 _aسعيد غانم (مترجم)
300 _a376 ص
490 _aالالف كتاب
_v0
650 0 4 _aالهندسة
942 _2ddc
_cBK
999 _c38898
_d38898